| 000 | 02034nam a2200457 i 4500 | ||
|---|---|---|---|
| 001 | ebr10865237 | ||
| 003 | CaPaEBR | ||
| 006 | m o d | ||
| 007 | cr cn||||||||| | ||
| 008 | 140508t20012001paua o 001 0 eng d | ||
| 020 | _z9780781719087 | ||
| 020 | _a9781469877983 (e-book) | ||
| 040 |
_aCaPaEBR _beng _erda _epn _cCaPaEBR |
||
| 035 | _a(OCoLC)808596703 | ||
| 050 | 1 | 4 |
_aRD768 _b.P435 2001eb |
| 082 | 0 | 4 |
_a618.92/73 _223 |
| 245 | 0 | 4 |
_aThe Pediatric spine principles and practice / _cStuart L. Weinstein, editor ; Robert Hurley, acquisition editor ; Anne Snyder, developmental editor ; Steven P. Martin, production editor ; Mark Lerner, cover designer. |
| 250 | _aSecond edition. | ||
| 264 | 1 |
_aPhiladelphia, Pennsylvania : _bLippincott Williams & Wilkins, _c2001. |
|
| 264 | 4 | _c�2001 | |
| 300 |
_a1 online resource (1096 pages) : _billustrations |
||
| 336 |
_atext _2rdacontent |
||
| 337 |
_acomputer _2rdamedia |
||
| 338 |
_aonline resource _2rdacarrier |
||
| 500 | _aIncludes index. | ||
| 588 | _aDescription based on online resource; title from PDF title page (ebrary, viewed May 6, 2014). | ||
| 590 | _aElectronic reproduction. Palo Alto, Calif. : ebrary, 2014. Available via World Wide Web. Access may be limited to ebrary affiliated libraries. | ||
| 650 | 0 |
_aSpine _xDiseases. |
|
| 650 | 0 |
_aSpinal cord _xDiseases. |
|
| 650 | 0 | _aPediatric orthopedics. | |
| 650 | 0 |
_aSpinal Diseases _xSurgery. |
|
| 655 | 0 | _aElectronic books. | |
| 700 | 1 |
_aWeinstein, Stuart L., _eeditor. |
|
| 700 | 1 |
_aHurley, Robert, _eeditor. |
|
| 700 | 1 |
_aSnyder, Anne, _eeditor. |
|
| 700 | 1 |
_aMartin, Steven P., _eeditor. |
|
| 700 | 1 |
_aLerner, Mark, _ecover designer. |
|
| 776 | 0 | 8 |
_iPrint version: _tPediatric spine principles and practice. _bSecond edition. _dPhiladelphia, Pennsylvania : Lippincott Williams & Wilkins, c2001 _hxiv, 1086 pages _z9780781719087 |
| 797 | 2 | _aebrary. | |
| 856 | 4 | 0 |
_uhttp://site.ebrary.com/lib/rucke/Doc?id=10865237 _zAn electronic book accessible through the World Wide Web; click to view |
| 999 |
_c107367 _d107367 |
||